Online
Catalog

La otra hazaña de Colón / (Record no. 28004)

MARC details
000 -CABECERA
campo de control de longitud fija 00828nam a2200265 a 4500
001 - NÚMERO DE CONTROL
campo de control 000028512
003 - IDENTIFICADOR DEL NÚMERO DE CONTROL
campo de control DO-SdBNP
005 - FECHA Y HORA DE LA ÚLTIMA TRANSACCIÓN
campo de control 20250123134634.0
007 - CAMPO FIJO DE DESCRIPCIÓN FÍSICA--INFORMACIÓN GENERAL
campo de control de longitud fija ta
008 - DATOS DE LONGITUD FIJA--INFORMACIÓN GENERAL
campo de control de longitud fija 110408s1979 dr ab 000 | spa d
040 ## - FUENTE DE LA CATALOGACIÓN
Centro catalogador/agencia de origen DO-SdBNP
Lengua de catalogación spa
Centro/agencia transcriptor BNPHU
Normas de descripción rda
041 ## - CÓDIGO DE LENGUA
Código de lengua original spa
082 ## - NÚMERO DE LA CLASIFICACIÓN DECIMAL DEWEY
Número de clasificación xxx
Número de documento/Ítem A778ó
Número de edición 22
100 1# - ENTRADA PRINCIPAL--NOMBRE DE PERSONA
Nombre de persona Arrom, José Juan,
Fechas asociadas al nombre 1910-2007
Término indicativo de función/relación autor
9 (RLIN) 25397
245 13 - MENCIÓN DE TÍTULO
Título La otra hazaña de Colón /
Mención de responsabilidad, etc. José Juan Arrom ; presentación de Bernardo Vega.
264 ## - PRODUCCIÓN, PUBLICACIÓN, DISTRIBUCIÓN, FABRICACIÓN Y COPYRIGHT
Producción, publicación, distribución, fabricación y copyright Santo Domingo :
Nombre del de productor, editor, distribuidor, fabricante Museo del Hombre Dominicano,
Fecha de producción, publicación, distribución, fabricación o copyright 1979.
300 ## - DESCRIPCIÓN FÍSICA
Extensión 37 p. :
Otras características físicas il., mapa ;
Dimensiones 20 cm.
490 1# - MENCIÓN DE SERIE
Mención de serie Conferencias
Designación de volumen o secuencia 9
500 ## - NOTA GENERAL
Nota general Incluye notas al pie de las páginas.
590 ## - NOTA LOCAL (RLIN)
Nota local Inventariado, 2025/DG
700 1# - PUNTO DE ACCESO ADICIONAL--NOMBRE DE PERSONA
Nombre de persona Vega, Bernardo,
Fechas asociadas al nombre 1938 -
Término indicativo de función/relación presentación
9 (RLIN) 3222
830 #0 - PUNTO DE ACCESO ADICIONAL DE SERIE-TÍTULO UNIFORME
Título uniforme Conferencias;
Designación de volumen o secuencia 9
9 (RLIN) 9567
910 ## - DATOS DE OPCIÓN DEL USUARIO (OCLC)
Datos de opción del usuario DG
942 ## - ELEMENTOS DE PUNTO DE ACCESO ADICIONAL (KOHA)
Fuente del sistema de clasificación o colocación Dewey Decimal Classification
Tipo de ítem Koha Libro
Holdings
Estado de retiro Estado de pérdida Restricciones de uso No para préstamo Código de colección Localización permanente Ubicación/localización actual Ubicación en estantería Fecha de adquisición Número de inventario Total de préstamos Signatura topográfica completa Código de barras Fecha visto por última vez Número de copia Precio válido a partir de Tipo de ítem Koha Fuente del sistema de clasificación o colocación Fuente de adquisición Nota pública
    Préstamo en sala   Dominicana de Servicio Biblioteca Nacional Pedro Henríquez Ureña Biblioteca Nacional Pedro Henríquez Ureña En catalogación 23.01.2025     BNPHU DS A778ó 2025-0410 23.01.2025 e.4 23.01.2025 Libro Dewey Decimal Classification Donado por la Presidencia de la República Dominicana 2023 Pertenecio a la biblioteca personal de Emilio Cordero Michel
        Dominicana de Servicio General General En catalogación 27.04.2011 LF1   xxx A778ó 28512-30 25.06.2020 e. 3 25.06.2020 Libro y Folleto Colección Dominicana de Servicio      
      Excluido de préstamo Patrimonio Dominicano Patrimonio Dominicano Patrimonio Dominicano En catalogación 08.04.2011 LF1   xxx A778ó 28512-10 25.06.2020   25.06.2020 Libro y Folleto Colección Patrimonio Dominicano      
      Excluido de préstamo Patrimonio Dominicano Patrimonio Dominicano Patrimonio Dominicano En catalogación 27.04.2011 LF1   xxx A778ó 28512-20 25.06.2020 e. 2 25.06.2020 Libro y Folleto Colección Patrimonio Dominicano      

Powered by Koha